Možnosti výroby šumivých tabliet zo železanov za účelom dočistenia odpadových vôd

Guardado en:
Detalles Bibliográficos
Autor principal: Tamášová, Katarína (Autor)
Otros Autores: Mackuľak, Tomáš (Orientador)
Formato: Manuscrito Libro
Lenguaje:eslovaco
Publicado: 2020
Materias:
Acceso en línea:http://is.stuba.sk/zp/portal_zp.pl?podrobnosti=150813
Etiquetas: Agregar Etiqueta
Sin Etiquetas, Sea el primero en etiquetar este registro!

MARC

LEADER 00000ntm a22000003a 4500
001 stuzp80053
003 SK-STU
005 20200627211139.6
007 ta
008 150427s2015----xo-----f-mn---000-0-slo-d
040 |a STU  |b slo 
041 0 |a slo 
100 1 |a Tamášová, Katarína  |u 046290  |4 aut  |U FCHPT Ústav chemického a environmentálneho inžinierstva  |T FCHPT Oddelenie environmentálneho inžinierstva  |X 81860  |U C6290  |Y 120  |7 81860 
242 0 1 |a Possibilities of ferrates of effervescent tablets in order to final purification of wastewater  |y eng 
245 1 0 |a Možnosti výroby šumivých tabliet zo železanov za účelom dočistenia odpadových vôd 
260 |c 2020 
650 4 |a železany  |2 slo 
650 4 |a mikropolutanty  |2 slo 
650 4 |a liečivá  |2 slo 
650 4 |a odpadové vody  |2 slo 
650 4 |a AOPs  |2 slo 
650 4 |a dezinfekcia  |2 slo 
650 4 |a AOPs  |2 eng 
650 4 |a ferrates  |2 eng 
650 4 |a micropollutants  |2 eng 
650 4 |a drugs  |2 eng 
650 4 |a wastewater  |2 eng 
650 4 |a disinfection  |2 eng 
700 1 |a Mackuľak, Tomáš  |u 046290  |k Z1  |4 ths  |U FCHPT Ústav chemického a environmentálneho inžinierstva  |T FCHPT Oddelenie environmentálneho inžinierstva  |X 25433  |U C6290  |Y 120  |7 A000025433 
856 4 |u http://is.stuba.sk/zp/portal_zp.pl?podrobnosti=150813